| 000 | 00772nam a2200253 i 4500 | ||
|---|---|---|---|
| 001 | 000026674 | ||
| 003 | DO-SdBNP | ||
| 005 | 20231002111850.0 | ||
| 006 | a||||gr|||| 00| 0 | ||
| 007 | ta | ||
| 008 | 110324e1993 dr 000 m spa d | ||
| 040 |
_aDO-SdBNP _bspa _cBNPHU _erda |
||
| 082 | 4 |
_222 _bC257p |
|
| 100 | 1 |
_aCaraballo, Rafael _953794 _eautor |
|
| 245 | 1 | 3 |
_a1º "el premier": _b(un hombre y el pensamiento.) / _cRafael Caraballo. |
| 260 |
_aPrimero "el premier": _bun hombre y el pensamiento. |
||
| 264 | 1 |
_aSanto Domingo : _bEl premier, _c1993 |
|
| 300 |
_a85 páginas ; _c23 cm. |
||
| 336 |
_2rdacontent _atexto _btxt |
||
| 337 |
_2rdamedia _asin mediación _bn |
||
| 338 |
_2rdacarrier _avolumen _bnc |
||
| 590 | _aInventariado 2023 / MF | ||
| 942 |
_2ddc _cLBS1 |
||
| 999 |
_c26166 _d26166 |
||